|
|
|
|
| LEADER |
00000nam a22000007a 4500 |
| 005 |
20190904134410.0 |
| 007 |
cr|||| |||| |
| 008 |
190904s2018 co |||||s|||| 00||0 spa d |
| 020 |
|
|
|a 978-958-774-712-6
|
| 035 |
|
|
|a 24809
|
| 040 |
|
|
|a vLex
|
| 090 |
|
|
|c 9390
|d 9390
|
| 100 |
1 |
|
|a Salge Ferro, Manuel
|
| 245 |
1 |
2 |
|a El principio arcn̤tico del patrimonio
|h [Recurso electrn̤ico] :
|b Origen, transformaciones y desafo̕s de los procesos de patrimonializacin̤ en Colombia /
|c Manuel Salge Ferro
|
| 256 |
|
|
|a Servicio en ln̕ea
|
| 260 |
|
|
|a Bogot:̀
|b Universidad de Los Andes (Colombia),
|c 2018
|
| 300 |
|
|
|a 1 recurso electrn̤ico
|
| 500 |
|
|
|a Este libro estudia cm̤o el discurso del patrimonio desencadena mecanismos de inclusin̤ y exclusin̤ a travš de los cuales el Estado construye su proyecto nacional y cm̤o las comunidades se valen de ľ para anclar sus luchas sociales. El principio arcn̤tico del patrimonio visibiliza las tensiones y las diferentes agendas estťicas, histr̤icas y polt̕icas que enfrentan a los actores institucionales con los sujetos de la polt̕ica patrimonial en cuatro diferentes contextos en Colombia: el Carnaval de Barranquilla espectacularizado y comercializado, que segrega y jerarquiza el acceso a la fiesta; un corregimiento como San Basilio de Palenque, donde la frustracin̤ y la desconfianza se vuelven norma ante la imposibilidad de transitar a sistemas productivos con base cultural; el Carnaval de Negros y Blancos, que por cuenta de la burocracia ha olvidado a un segmento de sus actores; y las procesiones religiosas en Popayǹ, que son el testimonio del monopolio de una institucin̤ frente a una creencia popular.
|
| 506 |
1 |
|
|a Disponible solo en los productos indicados
|d vLex Global
|d vLex Global (Academic Edition, excluding Law Schools)
|d vLex Global (U.S. Academic Edition, Law Schools)
|d vLex Global (U.S. Academic Edition, excluding Law Schools)
|d vLex Global (Academic Edition, Law Schools)
|
| 650 |
0 |
4 |
|a Derecho Pb︢lico y Administrativo
|z Colombia
|
| 650 |
0 |
4 |
|a Ciencias sociales
|z Colombia
|
| 740 |
0 |
|
|a vLex Libros (Servicio en ln̕ea)
|
| 856 |
4 |
0 |
|u http://vlex.com/source/principio-arcontico-del-patrimonio-origen-transformaciones-y-desafios-de-los-procesos-de-patrimonializacion-en-colombia-24809
|z Acceso restringido
|
| 942 |
|
|
|c BOOK
|
| 999 |
0 |
|
|a Public and Administrative Law
|
| 999 |
0 |
|
|a Social sciences
|